| 000 | 00448nam a22001697a 4500 | ||
|---|---|---|---|
| 003 | OSt | ||
| 005 | 20171020211002.0 | ||
| 008 | 140126b xxu||||| |||| 00| 0 eng d | ||
| 040 |
_aLDCLIB _cLDCLIB |
||
| 082 |
_222 _a341.48 _bSYE |
||
| 100 | _aSyed, M. H. | ||
| 245 |
_aHuman Rights : _bthe global perspective / _cM.H. Syed. |
||
| 260 |
_aIndia : _bReference Press, _c2003. |
||
| 300 |
_ax,420 p. ; _c22 cm. |
||
| 650 | _aHuman rights | ||
| 942 |
_2ddc _cBK |
||
| 999 |
_c5846 _d5846 |
||